000 00883nam a22002417a 4500
005 20170124105956.0
010 _aB-062339
020 _c170.00
_a819009971
035 _aB-062339
037 _bCen Lib/Ret
040 _aDPL
_bEN
082 _a342
_bBHA
100 _aBhattacharyya, Dinesh Chandra
_914767
245 _aModern political constitutions :
_cby Dinesh Chandra Bhattacharyya
_ba study of comparative government and politics with reference to the governments and politics of Great Britain, United States, China, France and Switzerland /
250 _a7th rev. enl. ed
260 _aCalcutta
_bVijoya Publishing House
_c2000
270 _a106, Vivekananda Road
_bCalcutta
_e700006
300 _axix,755p.
_c20cm(Hb)
500 _a
650 _aPolitical system
_914768
650 _aComparative politics
_914769
942 _2ddc
_cEN
_h342
_mBHA
999 _c125560
_d125560